Statistiques concernant Paroles - L'odeur de l'essence - Orelsan - P1

Cliquez ici pour prendre le quiz!

Statistiques générales

  • Ce quiz a été pris 23 fois
  • Le résultat moyen est 323 sur 499

Statistiques - réponses

Réponse% Correct
la
100%
100%
La
100%
Regarde
100%
de
94%
faire
94%
le
94%
Le
94%
les
94%
Les
94%
nos
94%
à
88%
a
88%
Dès
88%
des
88%
On
88%
on
88%
ont
88%
qui
88%
d'en
81%
du
81%
et
81%
France
81%
leur
81%
L'odeur
81%
pas
81%
Pas
81%
personne
81%
Personne
81%
peur
81%
Que
81%
que
81%
qu'ils
81%
tout
81%
Tout
81%
ce
75%
Ecoute
75%
écoute
75%
en
75%
est
75%
fait
75%
l'essence
75%
monde
75%
nostalgie
75%
par
75%
qu'on
75%
Rien
75%
rien
75%
sa
75%
s'en
75%
branler
69%
c'est
69%
échoué
69%
leaders
69%
mal
69%
médias
69%
Plus
69%
plus
69%
pour
69%
sont
69%
temps
69%
tous
69%
un
69%
baise
63%
chiffres
63%
citent
63%
croire
63%
dans
63%
débats
63%
déni
63%
dire
63%
d'une
63%
faits
63%
fantasmée
63%
grandeur
63%
haine
63%
Ils
63%
même
63%
meurt
63%
miroiter
63%
ou
63%
63%
peut
63%
poule
63%
prend
63%
renard
63%
s'auto-détruit
63%
s'exprime
63%
stériles
63%
Terre
63%
train
63%
tweets
63%
vipère
63%
vont
63%
bête
56%
Certains
56%
cherche
56%
créée
56%
d'autres
56%
deux
56%
disent
56%
divers
56%
droit
56%
enfants
56%
étrangers
56%
foutu
56%
gouverne
56%
jeux
56%
l'anxiété
56%
leurs
56%
morte
56%
nous
56%
penser
56%
polémique
56%
p'tit
56%
régalent
56%
remplacer
56%
respect
56%
sans
56%
sur
56%
tyrannie
56%
va
56%
vendre
56%
aient
50%
allumer
50%
armes
50%
basculer
50%
bien
50%
binaire
50%
ça
50%
ceux
50%
comme
50%
Comme
50%
débiles
50%
défensive
50%
devient
50%
donne
50%
enflammer
50%
ennemi
50%
être
50%
extrêmes
50%
foi
50%
Gamins
50%
justice
50%
L'alcool
50%
l'incendie
50%
l'monde
50%
manger
50%
mongols
50%
Mongols
50%
part
50%
passée
50%
plaire
50%
quelqu'un
50%
Qu'est
50%
racine
50%
relou
50%
rue
50%
salons
50%
sensible
50%
Sensible
50%
soigne
50%
s'plaint
50%
systémique
50%
t'es
50%
toujours
50%
Une
50%
venir
50%
Accidents
44%
ans
44%
Appelle
44%
aux
44%
bagnoles
44%
chacun
44%
change
44%
chose
44%
confiance
44%
conjugales
44%
contre
44%
crier
44%
danger
44%
d'avis
44%
dénigrée
44%
drames
44%
entassés
44%
entier
44%
équipe
44%
jamais
44%
l'incompréhension
44%
L'intelligence
44%
n'est
44%
parce
44%
Pendant
44%
petite
44%
précis
44%
quelque
44%
réac
44%
Romains
44%
s'étonne
44%
s'excite
44%
Soit
44%
soit
44%
Sujet
44%
susceptible
44%
tribunal
44%
trinquent
44%
violences
44%
voient
44%
alcoolique
38%
appartient
38%
avec
38%
d'être
38%
discussion
38%
dont
38%
douze
38%
écrite
38%
Egyptiens
38%
infernal
38%
lèguent
38%
L'histoire
38%
l'ont
38%
Mayas
38%
milliardaires
38%
opinions
38%
paranoïa
38%
parents
38%
persuader
38%
picolent
38%
Pris
38%
qu'des
38%
qu'la
38%
reste
38%
saisir
38%
sortir
38%
survivre
38%
tranchées
38%
vortex
38%
Battle
31%
cercle
31%
Connard
31%
connard
31%
connasse
31%
coupables
31%
cyclique
31%
d'anciennes
31%
détruits
31%
Entourés
31%
exciter
31%
facho
31%
fini
31%
hystérique
31%
l'Empire
31%
l'hôpital
31%
panique
31%
pousse
31%
prendre
31%
qu'un
31%
remplit
31%
risques
31%
Royale
31%
seront
31%
souffre
31%
tomber
31%
victimes
31%
critiques
25%
désespoir
25%
devenus
25%
d'mandé
25%
d'mongols
25%
d'solutions
25%
experts
25%
flirtent
25%
méfiance
25%
n'assume
25%
veux
25%
vivent
25%
buzz
19%
dégénère
19%
Depuis
19%
gratteurs
13%
moindre
13%
réléchir
6%

Distribution des résultats

Percentile par nombre de réponses

% des personnes avec chaque résultat

Votre développement - résultats

Vous n’avez pas pris ce quiz